| 000 | 00476nam a2200181Ia 4500 | ||
|---|---|---|---|
| 008 | 240925s9999 xx 000 0 und d | ||
| 020 | _a9781633690066 | ||
| 082 | _a658.3125 PRE | ||
| 100 | _aPress, Harvard Business | ||
| 245 | 0 | _a20 Minute Manager Performance Reviews | |
| 250 | _aNA | ||
| 260 |
_aBoston: _bHarvard Business Review _c,2015. |
||
| 300 |
_a458p. _b0 _fOriginal |
||
| 500 | _aIncludes Index | ||
| 600 | _aManagement | ||
| 650 | _aManagement | ||
| 942 | _cBK | ||
| 999 |
_c17256 _d17256 |
||